000
00318nam a22001337a 4500
003
SGT
020
_a
9788126541607
100
_a
BALASUBRAMMANIAM,R
245
_a
CALLISTERS MATERIALS SCIENCES ENGINEERING
260
_a
NEW DELHI
_b
WILEY
_c
2023
300
_a
117
650
_a
MECHANICAL ENGINEERING
942
_2
ddc
_c
BK
999
_c
25831
_d
25831